<?xml version="1.0" encoding="UTF-8"?>
<record
    xmlns:xsi="http://www.w3.org/2001/XMLSchema-instance"
    xsi:schemaLocation="http://www.loc.gov/MARC21/slim http://www.loc.gov/standards/marcxml/schema/MARC21slim.xsd"
    xmlns="http://www.loc.gov/MARC21/slim">

  <leader>03932nam a2200577Ia 4500</leader>
  <controlfield tag="001">1409</controlfield>
  <controlfield tag="008">241029s9999    xx            000 0 und d</controlfield>
  <datafield tag="010" ind1=" " ind2=" ">
    <subfield code="a">1313</subfield>
  </datafield>
  <datafield tag="041" ind1=" " ind2=" ">
    <subfield code="a">Espa&#xF1;ol</subfield>
  </datafield>
  <datafield tag="082" ind1=" " ind2=" ">
    <subfield code="a">UNICA MAEST. 005 1999</subfield>
  </datafield>
  <datafield tag="245" ind1=" " ind2="0">
    <subfield code="a">Existencia y efectividad de mecanismos de control docente y administrativo en la aplicaci&#xF3;n del nuevo curr&#xED;culo, Educaci&#xF3;n Media en el Distrito 03-01 de Azua</subfield>
  </datafield>
  <datafield tag="260" ind1=" " ind2=" ">
    <subfield code="a">Santo Domingo</subfield>
  </datafield>
  <datafield tag="300" ind1=" " ind2=" ">
    <subfield code="a">0</subfield>
  </datafield>
  <datafield tag="520" ind1=" " ind2=" ">
    <subfield code="a">29</subfield>
  </datafield>
  <datafield tag="630" ind1=" " ind2=" ">
    <subfield code="a">Capacitaci&#xF3;n Docente</subfield>
  </datafield>
  <datafield tag="630" ind1=" " ind2=" ">
    <subfield code="a">Descentralizaci&#xF3;n</subfield>
  </datafield>
  <datafield tag="630" ind1=" " ind2=" ">
    <subfield code="a">Docentes</subfield>
  </datafield>
  <datafield tag="630" ind1=" " ind2=" ">
    <subfield code="a">Efectividad</subfield>
  </datafield>
  <datafield tag="650" ind1=" " ind2=" ">
    <subfield code="a">Administraci&#xF3;n de la Educaci&#xF3;n</subfield>
  </datafield>
  <datafield tag="690" ind1=" " ind2=" ">
    <subfield code="a">Elaborado</subfield>
  </datafield>
  <datafield tag="700" ind1=" " ind2=" ">
    <subfield code="e">asesor</subfield>
    <subfield code="a"> Bautista P&#xE9;rez, Juan </subfield>
  </datafield>
  <datafield tag="700" ind1=" " ind2=" ">
    <subfield code="e">autor</subfield>
    <subfield code="a">Ovando Pared, Ayamina Francesca</subfield>
  </datafield>
  <datafield tag="700" ind1=" " ind2=" ">
    <subfield code="e">autor</subfield>
    <subfield code="a">Mesa D&#xED;az, Mar&#xED;a del Carmen</subfield>
  </datafield>
  <datafield tag="700" ind1=" " ind2=" ">
    <subfield code="e">autor</subfield>
    <subfield code="a">P&#xE9;rez Nova, Mar&#xED;a Antonia </subfield>
  </datafield>
  <datafield tag="901" ind1=" " ind2=" ">
    <subfield code="a">{"1":"Ovando Pared","2":"Mesa D&#xED;az","3":"P&#xE9;rez Nova"}</subfield>
    <subfield code="b">{"1":"Ayamina Francesca","2":"Mar&#xED;a del Carmen","3":"Mar&#xED;a Antonia "}</subfield>
  </datafield>
  <datafield tag="902" ind1=" " ind2=" ">
    <subfield code="a">1</subfield>
  </datafield>
  <datafield tag="903" ind1=" " ind2=" ">
    <subfield code="a">{"1":" Bautista P&#xE9;rez"}</subfield>
    <subfield code="b">{"1":"Juan "}</subfield>
  </datafield>
  <datafield tag="904" ind1=" " ind2=" ">
    <subfield code="a">Maestr&#xED;a en</subfield>
  </datafield>
  <datafield tag="905" ind1=" " ind2=" ">
    <subfield code="a">Administraci&#xF3;n Educativa</subfield>
  </datafield>
  <datafield tag="906" ind1=" " ind2=" ">
    <subfield code="a">2</subfield>
  </datafield>
  <datafield tag="907" ind1=" " ind2=" ">
    <subfield code="a">NO APLICA</subfield>
  </datafield>
  <datafield tag="908" ind1=" " ind2=" ">
    <subfield code="a">NO APLICA</subfield>
  </datafield>
  <datafield tag="909" ind1=" " ind2=" ">
    <subfield code="a">Universidad Interamericana (UNICA)</subfield>
  </datafield>
  <datafield tag="910" ind1=" " ind2=" ">
    <subfield code="a">NULL</subfield>
    <subfield code="b">NULL</subfield>
  </datafield>
  <datafield tag="911" ind1=" " ind2=" ">
    <subfield code="a">["1"]</subfield>
  </datafield>
  <datafield tag="912" ind1=" " ind2=" ">
    <subfield code="a">NO APLICA</subfield>
  </datafield>
  <datafield tag="913" ind1=" " ind2=" ">
    <subfield code="a">NULL</subfield>
  </datafield>
  <datafield tag="914" ind1=" " ind2=" ">
    <subfield code="a">01 de Septiembre de 1999</subfield>
  </datafield>
  <datafield tag="915" ind1=" " ind2=" ">
    <subfield code="a">08/07/15 03:07</subfield>
  </datafield>
  <datafield tag="916" ind1=" " ind2=" ">
    <subfield code="a">NULL</subfield>
  </datafield>
  <datafield tag="917" ind1=" " ind2=" ">
    <subfield code="a">NULL</subfield>
  </datafield>
  <datafield tag="918" ind1=" " ind2=" ">
    <subfield code="a">NO APLICA</subfield>
  </datafield>
  <datafield tag="919" ind1=" " ind2=" ">
    <subfield code="a">["30","61","70","219"]</subfield>
  </datafield>
  <datafield tag="520" ind1=" " ind2=" ">
    <subfield code="a">La investigaci&#xF3;n se plante&#xF3; como objetivos generales, determinar la existencia y efectividad de mecanismos de control y administrativo en la aplicaci&#xF3;n del nuevo curr&#xED;culo de la educaci&#xF3;n media en el Distrito Educativo 03-01 de la Regi&#xF3;n de Azua. El dise&#xF1;o utilizado fue explicativo e hipot&#xE9;tico. La poblaci&#xF3;n objeto de estudio para la investigaci&#xF3;n estuvo compuesta principalmente por dos soportes en los cuales recae directamente la responsabilidad que se implemente real y efectivamente la aplicaci&#xF3;n del curr&#xED;culo de la educaci&#xF3;n media, se refiere a los directores y los profesores de los centros educativos. Para la muestra se utiliz&#xF3; el muestreo aleatorio, de los cuales se escogieron 5 centros educativos, 62 maestros, y 36 alumnos. Los instrumentos utilizados fueron la observaci&#xF3;n directa y cuestionarios de encuesta, aplicados a directores, maestros y estudiantes.El estudio destaca las siguientes conclusiones: Los miembros de la comunidad educativa conocen sobre la existencia de un nuevo curr&#xED;culo en la educaci&#xF3;n; se afirma que existen mecanismos de control del rendimiento de maestros y alumnos; que se realiza la supervisi&#xF3;n a la labor docente, pero hay contradicci&#xF3;n en las respuestas, pues directores dicen que la realizan los supervisores adjuntos y, los maestros y estudiantes dicen que las realiza el director, pero, al observar los registros de los maestros, las visitas de supervisi&#xF3;n son realizadas por Asesores Regionales; se entiende que el curr&#xED;culo no est&#xE1; siendo aplicado en su totalidad, ni con el grado de certeza y compromiso requerido del docente para una educaci&#xF3;n de calidad.Se recomienda que la instancia educativa correspondiente, ll&#xE1;mese Direcci&#xF3;n Regional o Distrito Educativo, dote a las direcciones de los centros de los instrumentos necesarios para llevar un control docente y administrativo. Que los Asesores Regionales y supervisores del Distrito Educativo 03-01 difundan una serie de instrumentos que permitan determinar si los controles aplicados en la aplicaci&#xF3;n de nuevo curr&#xED;culo son eficientes. Que se realice la planificaci&#xF3;n educativa sobre la base de un modelo participativo consensual para superar la centralizaci&#xF3;n en la toma de decisiones que existe actualmente.</subfield>
  </datafield>
  <datafield tag="921" ind1=" " ind2=" ">
    <subfield code="a">16</subfield>
  </datafield>
  <datafield tag="922" ind1=" " ind2=" ">
    <subfield code="a">16</subfield>
  </datafield>
  <datafield tag="923" ind1=" " ind2=" ">
    <subfield code="a">0</subfield>
  </datafield>
  <datafield tag="924" ind1=" " ind2=" ">
    <subfield code="a">NO APLICA</subfield>
  </datafield>
  <datafield tag="942" ind1=" " ind2=" ">
    <subfield code="c">Tesis</subfield>
  </datafield>
  <datafield tag="999" ind1=" " ind2=" ">
    <subfield code="c">1313</subfield>
    <subfield code="d">1313</subfield>
  </datafield>
</record>
